उपवास करा आणि निरोगी राहा (Record no. 436352)

MARC details
000 -LEADER
fixed length control field 00532nam a2200145Ia 4500
008 - FIXED-LENGTH DATA ELEMENTS--GENERAL INFORMATION
fixed length control field 100122s9999 xx 000 0 und d
082 ## - DEWEY DECIMAL CLASSIFICATION NUMBER
Item number 61686
Classification number 641
100 ## - MAIN ENTRY--PERSONAL NAME
Personal name गाला ध रा
245 ## - TITLE STATEMENT
Title उपवास करा आणि निरोगी राहा
260 ## - PUBLICATION, DISTRIBUTION, ETC. (IMPRINT)
Name of publisher, distributor, etc गाला पब्लिशर्स
Date of publication, distribution, etc 1990
300 ## - PHYSICAL DESCRIPTION
Extent 47
630 ## - SUBJECT ADDED ENTRY--UNIFORM TITLE
Uniform title उपवास करा आणि निरोगी राहा
730 ## - ADDED ENTRY--UNIFORM TITLE
Uniform title उपवास करा आणि निरोगी राहा
942 ## - ADDED ENTRY ELEMENTS (KOHA)
Koha item type Book
Holdings
Withdrawn status Lost status Damaged status Not for loan Home library Current library Date acquired Cost, normal purchase price Total Checkouts Full call number Barcode Date last seen Cost, replacement price Price effective from Koha item type Public note
        S.V. Pathak Library, Vile Parle S.V. Pathak Library, Vile Parle 08/13/2002 5.00   61686 SVPPARLE-61686 01/25/2010 5.00 01/25/2010 Book General NA